Các thể chế chính trị trong cách mạng tư sản Pháp (1789 - 1799)
Tổng quan cách mạng tư sản Pháp (1789 – 1799).
Αποθηκεύτηκε σε:
| Κύριος συγγραφέας: | |
|---|---|
| Άλλοι συγγραφείς: | |
| Μορφή: | Βιβλίο |
| Γλώσσα: | Vietnamese |
| Έκδοση: |
Đà Nẵng
Đại học Sư phạm, Đại học Đà Nẵng
2013
|
| Θέματα: | |
| Ετικέτες: |
Προσθήκη ετικέτας
Δεν υπάρχουν, Καταχωρήστε ετικέτα πρώτοι!
|
| Thư viện lưu trữ: | Mạng thư viện Đại học Đà Nẵng |
|---|
| LEADER | 01561nam a2200373 4500 | ||
|---|---|---|---|
| 001 | 000019078 | ||
| 003 | 15513 | ||
| 005 | 20140319150335.0 | ||
| 008 | 140305s2013 viesd | ||
| 041 | |a vie | ||
| 072 | |a LS | ||
| 082 | 1 | 4 | |a 306.20944 |b TR-L |
| 100 | 1 | |a Trương Thị Linh | |
| 245 | 1 | 4 | |a Các thể chế chính trị trong cách mạng tư sản Pháp (1789 - 1799) |c Trương Thị Linh ; Dương Thị Tuyết hướng dẫn |k Khóa luận tốt nghiệp |
| 260 | |a Đà Nẵng |b Đại học Sư phạm, Đại học Đà Nẵng |c 2013 | ||
| 300 | |a 70 tr., phụ lục 3 tr. |b Hình mh. |c 29 cm. | ||
| 500 | |a Khóa luận tốt nghiệp đại học. Chuyên ngành: Sư phạm Lịch sử | ||
| 520 | |a Tổng quan cách mạng tư sản Pháp (1789 – 1799). | ||
| 650 | 0 | 4 | |a Thể chế chính trị |v Khóa luận tốt nghiệp |x Cách mạng tư sản |y 1789-1799 |z Pháp |
| 653 | |a Thể chế chính trị | ||
| 653 | |a Cách mạng tư sản | ||
| 653 | |a Pháp | ||
| 653 | |a Khoa Lịch sử | ||
| 700 | 1 | |a Dương Thị Tuyết |e Hướng dẫn | |
| OWN | |a LSP | ||
| AVA | |a UDN50 |b LSP |d 306.20944 TR-L |e available |t Error 5001 Not defined in file expand_doc_bib_avail. |f 1 |g 0 |h N |i 0 |k 1 | ||
| 999 | |a From the UDN01 | ||
| AVA | |a UDN50 |b LSP |d 306.20944 TR-L |e available |t Error 5001 Not defined in file expand_doc_bib_avail. |f 1 |g 0 |h N |i 0 |k 1 | ||
| TYP | |a Monograph | ||
| TYP | |a Printed language | ||
| 980 | |a Mạng thư viện Đại học Đà Nẵng | ||